La música es un juego de niños /

Este título debe tomarse absolutamente en serio. He aquí una definición de la música que facilitará enormemente el trabajo de los educadores. En lugar de enseñar conocimientos y técnicas, tendrán por tarea alentar y guiar diferentes comportamientos espontáneos de juego con el sonido hasta que adquie...

Descripción completa

Detalles Bibliográficos
Autor principal: Delalande, François
Formato: Libro
Lenguaje:español
Publicado: Buenos Aires Ricordi 1995
Materias:
Acceso en línea:

MARC

LEADER 00000cam a2200000 a 4500
001 016226
003 UAHC_CL
005 20170803121343.0
008 020522s1995 ag 000 spa
020 |a 9502204131 
040 |a UAHC_CL  |c UAHC_CL  |d UAHC_CL 
100 1 |a Delalande, François 
245 1 3 |a La música es un juego de niños /  |c Francois Delalande ; con la colaboración de Jack Vidal y Guy Reibel. 
260 |b Ricordi  |c 1995  |a Buenos Aires 
300 |a 206 p. 
520 |a Este título debe tomarse absolutamente en serio. He aquí una definición de la música que facilitará enormemente el trabajo de los educadores. En lugar de enseñar conocimientos y técnicas, tendrán por tarea alentar y guiar diferentes comportamientos espontáneos de juego con el sonido hasta que adquieran la forma de una auténtica invención musical. El conocimiento de las músicas extra-europeas y las investigaciones musicales de los últimos treinta años permiten examinar desde una amplia perspectiva los objetivos y los medios de un despertar musical creativo. Luego de haber tratado los diferentes problemas que enfrenta un docente, el libro describe las etapas de una progresión pedagógica apoyada en numerosos ejemplos concretos. 
650 4 |a EDUCACION MUSICAL  |x PEDAGOGIA PARA LA EDUCACION BASICA  |x EDUCACION NO FORMAL 
653 |a OB. PEDAGOGIA EN MUSICA 
653 |a OB. LICENCIATURA EN MUSICA 
653 |a OB. PRODUCCION MUSICAL 
658 |a Zamora, Carlos 
900 |a 372.87 DEL 
942 |c BK 
952 |0 0  |1 0  |4 0  |6 372_870000000000000_DEL  |7 0  |8 BAS  |9 32339  |a BS  |b BS  |c General  |d 2017-08-03  |l 2  |m 5  |o 372.87 DEL  |p 1324520  |r 2025-11-26 00:00:00  |s 2019-04-25  |t 3  |w 2017-08-03  |y BK  |B PMUS 
952 |0 0  |1 0  |4 0  |6 372_870000000000000_DEL  |7 0  |8 BAS  |9 32340  |a BS  |b BS  |c General  |d 2017-08-03  |l 0  |o 372.87 DEL  |p 1324521  |r 2025-11-26 00:00:00  |t 1  |w 2017-08-03  |y BK  |B PMUS 
952 |0 0  |1 0  |4 0  |6 372_870000000000000_DEL  |7 0  |8 BAS  |9 32341  |a BS  |b BS  |c General  |d 2017-08-03  |l 11  |m 15  |o 372.87 DEL  |p 1391550  |q 2022-03-28  |r 2022-03-21 00:00:00  |s 2022-03-21  |t 2  |w 2017-08-03  |y BK  |B PMUS 
999 |c 16226  |d 16226